000 01252nam a22003257a 4500
003 DO-SdBPM
005 20250811084642.0
007 ta
008 171113b1988 sp ||||| |||| 00| 0 spa d
020 _a8420614459
040 _aDO-SdBPM
_bspa
_cBPMSU
_erda
082 4 _aA864.42
_bS113h 1988
_222
100 1 _aSábato, Ernesto R.
_d1911-2011.
_eautor
245 1 0 _aHombres y engranajes :
_bheterodoxia /
_cErnesto R. Sábato.
250 _a
264 _aMadrid :
_bAlianza Editorial,
_c1988.
300 _a200 páginas ;
_c18 cm.
336 _atexto
_btxt
_2rdacontent
337 _asin mediación
_bn
_2rdamedia
338 _avolumen
_bnc
_2rdacarrier
490 0 _aLibro de bolsillo;
_aLiteratura,
_v445
500 _aIncluye datos biográficos del autor en la solapa de la contracubierta
505 0 _aJustificación 9 -- Hombres y engranajes -- Introducción 15 -- La esencia del Renacimiento 19 -- El universo abstracto 33 -- La rebelión del hombre 53 -- Las artes y las letras en la crisis 63 -- Heterodoxia 95.
590 _aInventariado, 2025/VM
650 7 _a Ensayos argentinos
650 7 _aLiteratura argentina
650 7 _a Filosofía moderna
910 _aVMateo V. Control de calidad. BPMSU
942 _2ddc
_cBK
999 _c12870
_d12870